La periodificación del pago del Impuesto General sobre la Renta de las Personas Físicas (Record no. 121935)

000 -CABECERA
campo de control de longitud fija 00689nab#a2200205#c#4500
003 - IDENTIFICADOR DEL NÚMERO DE CONTROL
campo de control IEF
005 - FECHA Y HORA DE LA ÚLTIMA TRANSACCIÓN
campo de control 20191210184514.0
008 - CÓDIGOS DE INFORMACIÓN DE LONGITUD FIJA
campo de control de longitud fija 950704s1975 uuu|| #####0 b| |u
040 ## - FUENTE DE LA CATALOGACIÓN
Centro catalogador de origen IEF
Centro transcriptor ES-MaIEF
100 1# - PUNTO DE ACCESO PRINCIPAL - NOMBRE DE PERSONA
Nombre de persona Breña Cruz, Fernando Aníbal
9 (RLIN) 7364
245 ## - MENCIÓN DE TÍTULO
Título La periodificación del pago del Impuesto General sobre la Renta de las Personas Físicas
Resto del título una fórmula de aplicación en España
Mención de responsabilidad etc. [Fernando A. Breña Cruz, et al.]
260 ## - PUBLICACIÓN, DISTRIBUCIÓN, ETC. (PIE DE IMPRENTA)
Fecha de publicación distribución etc. 1975
650 #4 - PUNTO DE ACCESO ADICIONAL DE MATERIA--TÉRMINO DE MATERIA
Término de materia o nombre geográfico como elemento inicial IMPUESTO SOBRE LA RENTA DE LAS PERSONAS FISICAS
9 (RLIN) 50199
650 #4 - PUNTO DE ACCESO ADICIONAL DE MATERIA--TÉRMINO DE MATERIA
Término de materia o nombre geográfico como elemento inicial ESPAÑA
9 (RLIN) 41092
650 #4 - PUNTO DE ACCESO ADICIONAL DE MATERIA--TÉRMINO DE MATERIA
Término de materia o nombre geográfico como elemento inicial PAGO
9 (RLIN) 47926
773 0# - ENLACE AL DOCUMENTO FUENTE
Título Hacienda Publica Española
Parte(s) relacionada(s) 37, p. 119-134
942 ## - ELEMENTOS DE PUNTO DE ACCESO ADICIONAL (KOHA)
Fuente del sistema de clasificación o colocación
942 ## - ELEMENTOS DE PUNTO DE ACCESO ADICIONAL (KOHA)
Fuente del sistema de clasificación o colocación
Holdings
Estado de retiro Estado de pérdida Estado dañado No para préstamo Localización permanente Fecha de adquisición Signatura topográfica completa Código de barras Fecha visto por última vez Precio válido a partir de Tipo de ítem Koha
      Disponible para préstamo IEF 1995-07-04 HPE/1975/37-8 HPE/1975/37-8 2018-02-19 2018-02-19 Artículos

Powered by Koha